00658 2200253 4500001002100000005001700021008004100038020002200079035002400101041000800125043001300133082001100146090002200157100001800179245005400197250001000251260003000261300003000291504001700321650001700338700000900355850001200364999002800376YOGYA-0711000000078820110715100055.0 ind  a978-602-8597-38-8 0010-071100000000788 aInd aYOPD DIY a153.43 aDEP 153.43bWar T aWardani, Dani a7 Langkah Membuat Keputusan TerbaikcDani Wardani aCet 1 aYogyakartabLeutikac2010 aXIV, 149 hlmbilusc19 cm ahlm. 142-145 aPertimbangan aDasa aYOPDYOG aCB - D.11 - 2010 - 1711